| 000 | 00663nam a22002177a 4500 | ||
|---|---|---|---|
| 005 | 20170124110112.0 | ||
| 010 | _aA-754400 | ||
| 020 | _c00.00 | ||
| 035 | _aA-754400 | ||
| 037 | _bCen Lib/Ret | ||
| 040 |
_aDPL _bEN |
||
| 082 |
_aN _bRAM |
||
| 100 |
_aRamaswamy, Sundara _929307 |
||
| 245 |
_aTale of a tamarind tree / _cby Sundara Ramaswamy ; translated from the Tamil by S. Krishanan |
||
| 260 |
_bPenguin Books _aNew Delhi _c1995 |
||
| 270 |
_bNew Delhi _a210, Chiranjiv Tower, 43, Nehru Place _e110019 |
||
| 300 |
_aviii, 185p. _c19cm(Hb) |
||
| 650 |
_aIndian literature _9109241 |
||
| 650 |
_aTamil fiction _928323 |
||
| 942 |
_2ddc _cEN _hN _mRAM |
||
| 999 |
_c130478 _d130478 |
||